| 000 | 00504nam a2200157 a 4500 | ||
|---|---|---|---|
| 008 | 160830s2014 ||||||||||||||||| || u | ||
| 020 | _a9781444753646 | ||
| 050 | _aPR 6068.Y26 H85 | ||
| 100 | _aRyan, Chris | ||
| 245 | 1 | 0 |
_aHunter killer _cBy Chris Ryan |
| 260 |
_aLondon _bCoronet _c2014 |
||
| 300 | _a457p. | ||
| 350 | _a9.43 | ||
| 650 | _aENGLISH LANGUAGE | ||
| 995 |
_FCBU-MAIN LIBRARY (Kitwe) _I9.43 _M1 _UAVAILABLE _WOct 5, 2016 _ZFiction Collection |
||
| 999 |
_c46038 _d46038 |
||